| 000 | 00487nam a2200181 i 4500 | ||
|---|---|---|---|
| 001 | 37062 | ||
| 003 | ES-MaACL | ||
| 005 | 20230906155509.0 | ||
| 007 | t| | ||
| 008 | 030220s1931 fr ||||1| fre d | ||
| 100 | 1 |
_aBruhat, Georges. _932109 |
|
| 245 | 1 | 3 |
_aLe saleil / _cGeorges Bruhat. |
| 260 |
_aParís : _bFélix Alcan., _c1931 ( _fPresses Universitaires) |
||
| 300 |
_a240 p. : _b16 plan. ; _c19 cm. |
||
| 650 | 4 |
_aSol. _9188781 |
|
| 852 |
_aES-MaACL _jA-534 |
||
| 999 |
_c37062 _d37062 |
||